Представление документа в формате MARC21

Поле Инд. ПП Название Значение
Тип записи a
Библиографический уровень m
001 Контрольный номер RU/IS/BASE/264550125
005 Дата корректировки 20250808152240.3
008 Кодируемые данные 19980225
020 00 a ISBN 5-89123-136-0
020 00 a ISBN 5-86225-549
040 00 e Правила каталог. Л.М. 980225
084 a Индекс другой классификации/Индекс ББК 67.404.212.47(2Рос)я73
090 00 a Полочн. индекс 67.404.212.47(2Рос)я73
x Авторский знак С 284
097 00 a 210
100 10 a Автор Седугин П. И.
q Полное имя Седугин Петр Иванович
245 10 a Заглавие Жилищное право
b Продолж. заглавия учебник для вузов
260 10 a Место издания Москва
b Издательство НОРМА
c Дата издания 1997
300 00 a Объем 307 с.
336 a Термин вида содержания Текст
337 a Термин типа средства непосредственный
650 a Основная рубрика гражданское право
a Основная рубрика жилищное право
a Основная рубрика обязательственное право
a Основная рубрика право
653 00 a Ключевые слова аукционы
a Ключевые слова бронирование
a Ключевые слова временные жильцы
a Ключевые слова выселение
a Ключевые слова дарение
a Ключевые слова договоры
a Ключевые слова жилищная политика
a Ключевые слова жилищное законодательство
a Ключевые слова жилищно-строительные кооперативы (ЖСК)
a Ключевые слова жилищно-эксплуатационные организации
a Ключевые слова жилищные кооперативы
a Ключевые слова жилищные отношения
a Ключевые слова жилищные споры
a Ключевые слова жилищный кодекс
a Ключевые слова жилищный фонд
a Ключевые слова жилые помещения
a Ключевые слова ипотека
a Ключевые слова коммунальные услуги
a Ключевые слова кондоминиум
a Ключевые слова Конституция РФ
a Ключевые слова контроль
a Ключевые слова купля-продажа
a Ключевые слова ликвидация
a Ключевые слова мена
a Ключевые слова наем
a Ключевые слова налог на недвижимость
a Ключевые слова налоговое регулирование
a Ключевые слова налогообложение
a Ключевые слова нормативные акты
a Ключевые слова нормы
a Ключевые слова общежития
a Ключевые слова обязанности
a Ключевые слова ордера
a Ключевые слова ответственность
a Ключевые слова передачи
a Ключевые слова перепланировка
a Ключевые слова плата
a Ключевые слова права
a Ключевые слова приватизация
a Ключевые слова продажа
a Ключевые слова распоряжение
a Ключевые слова ремонт
a Ключевые слова реорганизация
a Ключевые слова Российская Федерация
a Ключевые слова Россия
a Ключевые слова служебные жилые помещения
a Ключевые слова снос
a Ключевые слова собственность
a Ключевые слова сохранность
a Ключевые слова строительство
a Ключевые слова товарищество
a Ключевые слова управление
a Ключевые слова учет
655 00 a Жанр/ форма (устаревшее) учебное пособие
901 t Тип документа m
952 a Тип литературы для КСУ ВШ УИ